Welcome to the Holygrace Academy Library

Please use search bar below to get started

PANCHATHANTHRA (Record no. 3491)

MARC details
000 -LEADER
fixed length control field 00313nam a22001457a 4500
020 ## - INTERNATIONAL STANDARD BOOK NUMBER
ISBN 81-274-0165-X
082 ## - DEWEY DECIMAL CLASSIFICATION NUMBER
Classification number 823
Item number SAI/P
100 ## - MAIN ENTRY--AUTHOR NAME
Personal name SAIN, R. S.
245 ## - TITLE STATEMENT
Title PANCHATHANTHRA
250 ## - EDITION STATEMENT
Edition statement 1
260 ## - PUBLICATION, DISTRIBUTION, ETC. (IMPRINT)
Place of publication KOTTAYAM
Name of publisher AVANTY PUBLICATIONS
Year of publication 2010
300 ## - PHYSICAL DESCRIPTION
Number of Pages 96
650 ## - SUBJECT ADDED ENTRY--TOPICAL TERM
Topical Term ENGLISH SHORT STORY
942 ## - ADDED ENTRY ELEMENTS (KOHA)
Koha item type Books
Holdings
Withdrawn status Lost status Collection code Home library Current library Shelving location Date acquired Source of acquisition Cost, normal purchase price Full call number Accession Number Koha item type
    Fiction Main Library Main Library SHELF 3- E- ENGLISH CHILDRENS LITERATURE &MYTHOLOGY 09/03/2012 PURCHASE 50.00 823 SAI/P 06364 Books